Language Quiz

Random Language or Spanish Quiz

Baseball Teams in Spanish Quiz Stats

Quiz not verified by Sporcle

Also try: Which Word Works?
Challenge
Share
Tweet
Score 0/30 Timer 05:00
0 Plays Today
Team in Spanish Team in English % Correct
IndiosIndians
81.6%
RojosReds
78.9%
*FathersPadres
78.1%
TigresTigers
77.2%
GigantesGiants
77.2%
PiratasPirates
77.2%
RayosRays
76.3%
CardenalesCardinals
76.3%
AstrosAstros
75.4%
AtleticosAthletics
74.6%
AngelesAngels
74.6%
Calcetines RojosRed Sox
74.6%
Las Personas que Viven en PhiladelphiaPhillies
74.6%
MarinerosMariners
72.8%
Calcetines BlancosWhite Sox
72.8%
Team in Spanish Team in English % Correct
YanquisYankees
71.9%
Montanas RocosasRockies
68.4%
AzulejosBlue Jays
64.9%
Habitantes del MetropolisMets
64.9%
RancherosRangers
60.5%
Serpientes del SudoesteDiamondbacks
60.5%
CervecerosBrewers
60.5%
Guerreros IndiosBraves
60.5%
OropendolasOrioles
58.8%
Miembros de la RealezaRoyals
57%
GemelosTwins
54.4%
CachorrosCubs
52.6%
AgujasMarlins
50.9%
CiudadanosNationals
50%
EsquivadoresDodgers
48.2%

You're not logged in!

Compare scores with friends on all Sporcle quizzes.
Join for Free
OR
Log In

You Might Also Like...

Show Comments

Extras

Top Quizzes Today


Score Distribution

Your Account Isn't Verified!

In order to create a playlist on Sporcle, you need to verify the email address you used during registration. Go to your Sporcle Settings to finish the process.

Report this User

Report this user for behavior that violates our Community Guidelines.

Details: